TCP/IP networks administration (Record no. 41389)

MARC details
000 -LEADER
fixed length control field 00379nam a2200145Ia 4500
082 ## - DEWEY DECIMAL CLASSIFICATION NUMBER
Classification number 681.31TCP
Item number HUN
100 ## - MAIN ENTRY--AUTHOR NAME
Personal name Hunt, Craig
245 #0 - TITLE STATEMENT
Title TCP/IP networks administration
250 ## - EDITION STATEMENT
Edition statement Ed.2
260 ## - PUBLICATION, DISTRIBUTION, ETC. (IMPRINT)
Place of publication Cambridge
Name of publisher O'Reilly & Associates, Inc
Year of publication 1998
650 ## - SUBJECT ADDED ENTRY--TOPICAL TERM
Topical Term Net work security
650 ## - SUBJECT ADDED ENTRY--TOPICAL TERM
Topical Term World wide web
942 ## - ADDED ENTRY ELEMENTS (KOHA)
Koha item type Books
Holdings
Withdrawn status Lost status Damaged status Not for loan Home library Current library Date acquired Cost, normal purchase price Full call number Accession Number Koha item type
        RRII Library RRII Library 16/12/2021 32.95 681.31TCP HUN 21676 Books